| 000 | 00671nam a22001937a 4500 | ||
|---|---|---|---|
| 005 | 20180831153736.0 | ||
| 010 | _aENG-123912 | ||
| 020 |
_c300.00 _a9788184654585 |
||
| 035 | _aEN-107444 | ||
| 037 | _bDBAD/PUB | ||
| 082 | _a371.2 | ||
| 100 | _aSampath, S. | ||
| 245 |
_aEducational management : _cby S. Sampath _bfor B.ed., M.ed. and integrated courses / |
||
| 260 |
_c2011 _aChennai _bPraga Publications |
||
| 270 |
_aNo.11-A, Sri Renganathan Nagar, Agaram Road, Selaiyur _bChennai _e600073 (India) |
||
| 300 |
_c21cm.(pbk.) _av,352p. |
||
| 500 | _aIt includes webliography, bibliography, question bank, glossary | ||
| 942 |
_cEN _2ddc _mSAM _h371.2 |
||
| 999 |
_c156679 _d156679 |
||